000 01086nam a2200253 a 4500
001 BRCA_4265
005 20190320204615.0
008 150610s1895----enka######---#000-0#eng-#
041 _aeng
044 _aenk
050 4 _aPQ6337
_b.W38 1895
100 1 _aWatts, Henry Edward
_910997
245 1 0 _aMiguel de Cervantes
_bhis life and works
_cby Henry Edward Watts.
260 _aLondres
_bAdam and Charles Black
_c1895
300 _axiii, 292 p.
_bil., 1 lámina
_c21 cm.
500 _aNueva edición revisada y ampliada con una completa bibliografía e índice
500 _aEdición con cantos dorados
500 _aIncluye un árbol genealógico de Miguel de Cervantes Saavedra, una carta de Saavedra al arzobispo de Toledo, bibliografía de los trabajos realizados por Cervantes, investigación sobre la conducta de Cervantes en Argel y el memorial de sus servicios realizados
500 _aLa biblioteca tiene 2 ejemplares con el mismo número de inventario
501 _aAM78
600 1 4 _aCervantes Saavedra, Miguel de
_d1547-1616
_9213
902 _aGFM
942 _2lcc
_cB
999 _c3976
_d3976